Anuario de los temas y protagonistas 2005 : 2005 el año multimedia, Biblioteca e Internet ; Tesoros de España /
Disco y DVD que se presentan como complementarios del Anuario de los temas y sus protagonistas 2005. El primero está organizado en: cronología, protagonistas, documentos, banco de datos, Internet (conexión a páginas web), temas (los mismos de la edición impresa del anuario). El DVD, como lo señala e...
Збережено в:
| Інші автори: | |
|---|---|
| Формат: | Електронний ресурс |
| Мова: | Іспанська |
| Опубліковано: |
Barcelona, España :
Difusora Internacional : Planeta,
2005, c2005
|
| Предмети: | |
| Теги: |
Немає тегів, Будьте першим, хто поставить тег для цього запису!
|
MARC
| LEADER | 00000nmm^a2200000^a^4500 | ||
|---|---|---|---|
| 001 | 000187660 | ||
| 005 | 20250521000000.0 | ||
| 009 | 20260310102310.487 | ||
| 020 | |a 84-96538-13-3 | ||
| 037 | |a Acervo ITESO - Biblioteca | ||
| 041 | |a ESP | ||
| 082 | |a 903. |b TEM BIB 2005 | ||
| 240 | 1 | 1 | |a [Anuario de los temas y protagonistas] |
| 240 | 1 | 1 | |a [Biblioteca e Internet de los temas y sus protagonistas] |
| 245 | 0 | 0 | |a Anuario de los temas y protagonistas 2005 : |b 2005 el año multimedia, Biblioteca e Internet ; Tesoros de España / |c Dir. editorial de F. Caralt ; coord. editorial de Ramón Sol. |
| 264 | 4 | |a Barcelona, España : |b Difusora Internacional : |b Planeta, |c 2005, c2005 | |
| 300 | |a 1 disco compacto de computadora | ||
| 336 | |a datos para computadora |b cod |2 rdacontenido | ||
| 337 | |a computadora |b c |2 rdamedio | ||
| 338 | |a disco de computadora |b cd |2 rdasoporte | ||
| 520 | |a Disco y DVD que se presentan como complementarios del Anuario de los temas y sus protagonistas 2005. El primero está organizado en: cronología, protagonistas, documentos, banco de datos, Internet (conexión a páginas web), temas (los mismos de la edición impresa del anuario). El DVD, como lo señala el título gira en torno al arte español. | ||
| 649 | |a XX | ||
| 650 | |a Anuarios - |x Tema Principal | ||
| 650 | |a Latinos en EUA | ||
| 650 | |a Arqueología - |z Atapuerca, España | ||
| 650 | |a Arqueología - |z Mérida, España | ||
| 650 | |a Arte Prehistórico - |z Atapuerca, España | ||
| 650 | |a Arte Romano - |z Mérida, España | ||
| 650 | |a Arte Renacentista - |z Ubeda, España | ||
| 650 | |a Arte Renacentista - |z Baeza, España | ||
| 650 | |a Arte Barroco - |z Aranjuez, España | ||
| 650 | |a Arte Español - |x Historia y Crítica | ||
| 650 | |a Transporte Aéreo | ||
| 650 | |a Obesidad | ||
| 650 | |a Trastornos de la Alimentación | ||
| 650 | |a Especies en Peligro de Extinción | ||
| 650 | |a Ingeniería Genética | ||
| 650 | |a Carrera Espacial | ||
| 650 | |a Economía - |z India - |x Historia - |y 2000-2009 | ||
| 650 | |a Cronología Histórica - |y 2000-2009 | ||
| 650 | |a Cronología Histórica - |y Siglo XXI | ||
| 650 | |a Historia Moderna - |y Siglo XXI | ||
| 650 | |a Historia Universal | ||
| 650 | |a Enciclopedias y Diccionarios | ||
| 740 | 0 | |a 2005 [i.e. Dos mil cinco] : |b el año multimedia, Biblioteca e Internet / | |
| 740 | 0 | |a Tesoros de España / | |
| 700 | |a Caralt, Fernando |e (dirección editorial) | ||
| 910 | |a Fondo General | ||
| 920 | |a Electrónicos - Recursos en Disco | ||
| 905 | |a 207 | ||
| 901 | |a 0500130371 |b IT2 |c SWB |u 20250521 | ||
| 901 | |a 0500130374 |b IT2 |c DWB |u 20250521 | ||
| 902 | |a https://opac.biblio.iteso.mx/vufind/Record/000187660 | ||